000 00291nam a22001337a 4500
020 _a81-7862-380-3
082 _a920
_bJOS/W
100 _aJOSEPH,MARY
245 _aTHE WRIGHT BROTHERS
260 _aNEW DELHI
_bSTERLING PRESS
300 _a46
650 _aBIOGRAPHY
_zNEW DELHI
942 _cBK
999 _c6266
_d6266